Estadísticas para Prueba de Paraguay

Haz click aquí para tomar la prueba!

Estadísticas generales

  • Esta prueba ha sido tomada 555 veces
  • La puntuación promedio es 12 de 18

Estadísticas de respuestas

PistaRespuesta% Correcto
Países limítrofesArgentina
99%
Países limítrofesBolivia
99%
Países limítrofesBrasil
99%
Capital y la ciudad más grandeAsunción
98%
Idiomas oficialesEspañol
98%
Paraguay es uno de los dos únicos países de las Américas que está...Sin litoral
85%
Idiomas oficialesGuaraní
79%
Otro nombre para la Guerra del Paraguay, en la que el Paraguay perdió
1/3 de su territorio, y la mayor parte de su población masculina
Guerra de la
{Triple} Alianza
70%
Paraguay tiene 2,01 de estos animales por persona, una proporción
mayor que la de cualquier otro país, excepto Uruguay y Nueva Zelandia.
Vacas
66%
Bebida popular sudamericana similar al Tereré en ParaguayYerba Mate
65%
La segunda ciudad más grande, se encuentra cerca de las Cataratas del IguazúCiudad del {Este}
59%
El 95% de la gente es de este grupo étnico, una mezcla de españoles y amerindiosMestizo
58%
El Río Paraguay desemboca en este ríoParaná
55%
Paraguay es el hogar del carpincho, el _____ más grande del mundoRoedor
51%
Al número entero más cercano, el porcentaje de la energía de Paraguay que proviene de la hidroelectricidad100
50%
Paraguay es el segundo mayor productor de esta planta nativa
utilizada como endulzante sin calorías (pista: comienza con E)
Estevia
48%
Paraguay occidental forma parte de esta región de llanuras semiáridas de tierras bajasGran {Chaco}
38%
El frijol, que constituye el 39% de las exportaciones del ParaguaySoyas
27%

Distribución de puntuación

Porcentaje por número respondido

Porcentaje de gente con cada puntuación

Historial de tus puntuaciones

No has tomado esta prueba